| 000 | 00879nam a2200265 i 4500 | ||
|---|---|---|---|
| 001 | 6379 | ||
| 003 | ES-MaACL | ||
| 005 | 20231103062524.0 | ||
| 007 | t| | ||
| 008 | 891006s1988 fr ||||1| fre d | ||
| 020 | _a2-904227-21-5 | ||
| 080 | _a9(44)"1789/1799"(03) | ||
| 080 | _a92(44)"1789/1799" | ||
| 100 | 1 |
_aRivarol. _997542 |
|
| 245 | 1 | 0 |
_aPetit dictionnaire des grands hommes de la Revolution / _cRivarol ; introduction de Henri Coulet ; presentation et notes de Jacques Grell. |
| 260 |
_aParis : _bDesjonqueres, _c1988. |
||
| 300 |
_a123 p. ; _c21 cm. |
||
| 500 | _aIndice. | ||
| 650 | 1 | 4 |
_aFranceses- _xBiografías- _y1789-1799. _912978 |
| 651 | 4 |
_aFrancia- _xHistoria- _y1789-1799, Revolución _98685 |
|
| 700 | 1 |
_aCoulet, Henri, _epr. _941235 |
|
| 700 | 1 |
_aGrell, Jacques. _959933 |
|
| 852 |
_aES-MaACL _jL-13534 _bR.117154 _z. - rust. |
||
| 999 |
_c6379 _d6379 |
||